000 00971nas a2200313 4500
001 BR0809372
003 BR-BrBNA
005 20231205112725.0
007 ta
008 230509b bl.|||p| |||| 00| 00por d
040 _aBR-BrBNA
_bpor
_cBiblioteca Nacional de Agricultura
041 _a(Pt)
072 _aQ55; L02; L01
100 1 _aMendes, C.Q.
100 1 _aSusin, I.
100 1 _aPires, A.V.
100 1 _aNussio, L.G.
100 1 _aAraújo, R.C.
100 1 _aRibeiro, M.F.
245 1 _aDesempenho, parâmetros da carcaça e comportamento ingestivo de cordeiros alimentados com cana-de-açúcar ensilada ou in natura
650 _aOVINO
650 _aSILAGEM
650 _aBACTÉRIA
650 _aADITIVO
650 _aPERFORMANCE
773 0 _tArquivo Brasileiro de Medicina Veterinária e Zootecnia (Brazil)
_xISSN 0102-0935
_g(Jun 2008), v. 60(3) p. 733-740
_wBR0809372
909 _a202311
_bLúcia
_c55
_dLúcia Elande
942 _2AGRIS
_n0
_cANA
999 _c199598
_d199598